| 000 | 00547nam a22002057a 4500 | ||
|---|---|---|---|
| 005 | 20240130120903.0 | ||
| 008 | 240130b |||||||| |||| 00| 0 eng d | ||
| 020 |
_a9789386062864 _cRs. 445.00 |
||
| 040 | _aMAIN | ||
| 082 |
_a791.430954 _bC392C |
||
| 100 | _aChatterji, Shoma A | ||
| 245 | _aCinema of Bimal Roy: An 'outsider' within | ||
| 260 |
_aNew Delhi _bSagev Publications India _c2017 |
||
| 300 | _axvi, 239 | ||
| 650 | _aCinema- India | ||
| 650 | _aIndia-Cinema | ||
| 650 | _aIndian Cinema | ||
| 650 | _aRoy, Bimal | ||
| 942 | _cBK | ||
| 999 |
_c314004 _d314004 |
||